000
00285nam a2200121Ia 4500
008
250327s9999 xx 000 0 und d
020
_a
9781682854648
082
_b
LLO
_a
CQR
100
_a
Elizabeth lloyd
_9
33866
245
0
_a
Internet Marketing
260
_b
Willford Press
942
_c
BK
999
_c
6543
_d
6543